Normal view
MARC view
Entry Personal Name
001 - CONTROL NUMBER
- control field: 2725
003 - CONTROL NUMBER IDENTIFIER
- control field: BD-DhEWU
005 - DATE AND TIME OF LATEST TRANSACTION
- control field: 20140101112955.0
008 - FIXED-LENGTH DATA ELEMENTS
- fixed length control field: 140101|| aca||aabn | a|a d
040 ## - CATALOGING SOURCE
- Original cataloging agency: BD-DhEWU
- Transcribing agency: BD-DhEWU
100 ## - HEADING--PERSONAL NAME
- Personal name: Cochran, William Gemmell,
- Dates associated with a name: 1909-
670 ## - SOURCE DATA FOUND
- Source citation: Work cat.: (BD-DhEWU)0: Cochran, William Gemmell, 1909-, Sampling techniques /, c1999.